000 00651nam a2200205 i 4500
001 142097
003 ES-MaACL
005 20250821111655.0
007 t|
008 071002s1943 sp f |||| |bspa d
080 _a929 Felipe (460)II
100 1 _aWalsh, William Thomas.
_9115996
245 1 0 _aFelipe II /
_cpor Willian Thomas Walsh ; traducción del inglés por Belén Marañón Moya.
260 _aMadrid :
_bEspasa-Calpe,
_c1943.
300 _a809 p., 9 lám. ;
_c23 cm.
600 0 4 _aFelipe
_bII,
_cRey de España
_949175
700 1 _aMarañón Moya, Belén.
_976319
852 _aES-MaACL
_jF-15657
999 _c142097
_d142097